Country Flags with Blue - Statistics

General Stats
  • This quiz has been taken 260 times
  • The average score is 81 of 101
Answer Stats
Picture Answer % Correct
United States
100%
United Kingdom
99%
Australia
97%
France
97%
New Zealand
97%
South Korea
96%
Brazil
95%
Russia
95%
Sweden
95%
Finland
94%
Greece
94%
Norway
94%
Netherlands
92%
Iceland
91%
Israel
91%
Nepal
91%
South Africa
91%
India
90%
Argentina
88%
Kosovo
88%
Uruguay
88%
Chile
86%
Cuba
86%
North Korea
86%
Panama
86%
Malaysia
85%
Croatia
84%
Dominican Republic
84%
San Marino
84%
Slovakia
84%
Estonia
83%
Slovenia
83%
Ukraine
83%
Cambodia
82%
Colombia
82%
Kazakhstan
82%
Palau
82%
Philippines
82%
Portugal
82%
Seychelles
82%
Venezuela
82%
Azerbaijan
81%
Barbados
81%
Bosnia & Herzegovina
81%
Czechia
81%
Luxembourg
81%
Romania
81%
Serbia
81%
Thailand
81%
DR Congo
80%
Fiji
80%
Paraguay
80%
Somalia
80%
Taiwan
80%
Uzbekistan
80%
Bahamas
79%
Honduras
79%
Liberia
79%
Ethiopia
78%
Haiti
78%
Andorra
77%
Chad
77%
Laos
77%
Liechtenstein
77%
Eswatini
76%
Marshall Islands
76%
Botswana
75%
Comoros
75%
Djibouti
75%
F.S. Micronesia
75%
Guatemala
75%
Moldova
75%
Mongolia
75%
Montenegro
75%
Nicaragua
75%
Samoa
75%
South Sudan
75%
St. Lucia
75%
Tanzania
75%
Armenia
74%
Costa Rica
74%
El Salvador
74%
Kiribati
74%
Nauru
74%
Belize
73%
Ecuador
73%
Eritrea
73%
Gabon
73%
Tuvalu
73%
Antigua & Barbuda
72%
Cape Verde
71%
Central African Republic
71%
Lesotho
71%
Rwanda
71%
Equatorial Guinea
69%
Mauritius
69%
Namibia
69%
Sierra Leone
69%
Solomon Islands
68%
Gambia
65%
St. Vincent & the Grenadines
63%
No matching quizzes found
Score Distribution
Percent of People with Each Score
Percentile by Number Answered
Your Score History
You have not taken this quiz